h1

h2

h3

h4

h5
h6
001028557 001__ 1028557
001028557 005__ 20260401090050.0
001028557 0247_ $$2ISBN$$a978-3-031-83146-1
001028557 0247_ $$2ISBN$$a978-3-031-83147-8
001028557 0247_ $$2doi$$a10.1007/978-3-031-83147-8_98
001028557 037__ $$aRWTH-2026-01712
001028557 041__ $$aEnglish
001028557 1001_ $$aMünderlein, Daniel$$b0$$eCorresponding author
001028557 245__ $$aUrban Agricultural Landscape$$honline, print
001028557 260__ $$aCham$$bSpringer Nature Switzerland$$c2025
001028557 29510 $$aLandscape Handbook : German Language Research Perspectives / edited by Olaf Kühne, Florian Weber, Karsten Berr, Corinna Jenal
001028557 300__ $$a1099-1112
001028557 3367_ $$07$$2EndNote$$aBook Section
001028557 3367_ $$0PUB:(DE-HGF)7$$2PUB:(DE-HGF)$$aContribution to a book$$bcontb$$mcontb$$xReference book entry
001028557 3367_ $$2BibTeX$$aINBOOK
001028557 3367_ $$2DRIVER$$abookPart
001028557 3367_ $$2DataCite$$aOutput Types/Book chapter
001028557 3367_ $$2ORCID$$aBOOK_CHAPTER
001028557 4900_ $$aSpringer International Handbooks of Human Geography
001028557 588__ $$aDataset connected to CrossRef Book Series, Journals: publications.rwth-aachen.de
001028557 591__ $$aGermany
001028557 7001_ $$0P:(DE-82)IDM05117$$aPszola, Nathalie Diana$$b1$$urwth
001028557 7001_ $$aWhitehead, Ian$$b2
001028557 909CO $$ooai:publications.rwth-aachen.de:1028557$$pVDB
001028557 9101_ $$0I:(DE-588b)36225-6$$6P:(DE-82)IDM05117$$aRWTH Aachen$$b1$$kRWTH
001028557 9141_ $$y2025
001028557 9201_ $$0I:(DE-82)214110_20140620$$k214110$$lLehrstuhl für Landschaftsarchitektur$$x0
001028557 961__ $$c2026-02-11T12:51:22.236689$$x2026-02-11T12:51:22.236689$$z2026-02-11T12:51:22.236689
001028557 980__ $$aI:(DE-82)214110_20140620
001028557 980__ $$aUNRESTRICTED
001028557 980__ $$aVDB
001028557 980__ $$acontb